LEADER 03197nam a22003737a 4500
001 45182
003 BD-DhAAL
005 20251224214805.0
008 251214t |||||||| |||| 00| | eng d
040 |a BD-DhAAL  |c BD-DhAAL 
082 |a 306.362  |2 23 
245 |a Human rights and human trafficking. 
246 |a Trafficking in persons and refugee status 
246 |a Human trafficking and technology : trends, challenges and opportunities 
246 |a Trafficking in persons for the purpose of organ removal 
246 |a Non-punishment of victims of trafficking 
246 |a SAARC Convention on preventing and combating trafficking in women and children for prostitution 
246 |a The implementation of Bangladesh's overseas employment and migrants act of 2013 and the prevention and suppression of human trafficking act of 2012 
260 |a [place of publication not identified] :  |b [name of publisher not identified],  |c 2019, 2021, 2020. 
300 |b illustrations ;  |c 24 cm 
541 |a Donated by K. Shamsuddin Mahmood (Professor and Dean School of Law) BRAC University   |e 45182 
650 |a Human trafficking. 
650 |a Human trafficking victims.  |9 59946 
650 |a Human trafficking (International law).  |9 59947 
856 |z Full text available on Cambridge University Press  |u https://www.cambridge.org/core/books/practice-of-shared-responsibility-in-international-law/human-rights-and-human-trafficking/61DC76945FB1F7AA0597593F6F6ABCCE 
856 |z Full text available on The Inter-Agency Coordination Group against Trafficking in Persons  |u https://icat.un.org/sites/g/files/tmzbdl461/files/human_trafficking_and_technology_trends_challenges_and_opportunities_web.pdf 
856 |z Full text available on The Inter-Agency Coordination Group against Trafficking in Persons  |u https://icat.un.org/sites/g/files/tmzbdl461/files/publications/icat_brief_tip_for_or_final.pdf 
856 |z Full text available on The Inter-Agency Coordination Group against Trafficking in Persons  |u https://icat.un.org/sites/g/files/tmzbdl461/files/publications/icat-ib-03-v.2.pdf 
856 |z Full text available on The Inter-Agency Coordination Group against Trafficking in Persons  |u https://www.un.org/sexualviolenceinconflict/wp-content/uploads/2020/04/19-10800_ICAT-Issue-Brief-8_Ebook_final.pdf 
856 |z Full text available on SAARC Secretariat  |u https://www.saarc-sec.org/index.php/resources/agreements-conventions/50-saarc-convention-on-preventing-and-combating-trafficking-in-women-and-children-for-prostitution/file 
856 |z Full text available on IOM Publications  |u https://publications.iom.int/system/files/pdf/policy-brief-on-eoma.pdf 
942 |2 ddc  |c BK 
999 |c 47673  |d 47673 
952 |0 0  |1 0  |2 ddc  |4 0  |6 306_362000000000000_HUM  |7 0  |8 RPT  |9 78640  |a BRACUL  |b BRACUL  |c CIR  |d 2025-12-14  |e Donated by K. Shamsuddin Mahmood (Professor and Dean School of Law) BRAC University  |l 0  |o 306.362 HUM  |p 3010045182  |r 2025-12-14  |t 1  |w 2025-12-14  |y 1HOUR  |x Donated copy received from K. Shamsuddin Mahmood (Professor and Dean School of Law) BRAC University on 8 December 2025; As instructed by the University Librarian, the book has been placed on a one hour loan (7 part are accession in one Item)